إهناسيا المدينة عاصمة مصر القديمة

محفوظ في:

المؤلف الرئيسي: محمد إبراهيم محمد

مؤلفون آخرون: وزير وزير عبدالوهاب

التنسيق: كتاب

اللغة: Undetermined

منشور في: Cairo alrabie Press 2022

الوسوم: إضافة وسم

لا توجد وسوم, كن أول من يضع وسما على هذه التسجيلة!

رقم الطلب:

LEADER 00407nam a2200133Ia 4500
008 240503s9999||||xx |||||||||||||| ||und||
020 |a 9789443324 
100 1 |a محمد إبراهيم محمد 
245 1 0 |a إهناسيا المدينة عاصمة مصر القديمة 
264 1 |a Cairo  |b alrabie Press  |c 2022 
300 |a 296  |c 24 
700 1 |a وزير وزير عبدالوهاب 
942 |2 lcc  |c BK 
999 |c 58312  |d 58312